[Event "XXIX Cracovia 2018"]
[Site "Krakow"]
[Date "2018.12.27"]
[Round "1"]
[White "Fiedorek, Michal"]
[Black "Lewtak, Damian"]
[Result "0-1"]
[WhiteElo "2178"]
[BlackElo "2393"]
[Annotator "NA"]
[PlyCount "84"]
[EventDate "2018.12.27"]
[EventType "swiss"]
[EventCountry "POL"]
[SourceTitle "playchess.com"]
[Source "ChessBase"]
[SourceQuality "1"]
[TimeControl "40/5400+30:1800+30"]

1. e4 {[%emt 0:00:00]} c5 {[%emt 0:00:00]} 2. Nf3 {[%emt 0:00:00]} e6 {[%emt 0:00:00]} 3. d4 {[%emt 0:00:00]} cxd4 {[%emt 0:00:01]} 4. Nxd4 {[%emt 0:00:03]} Nc6 {[%emt 0:00:05]} 5. Nc3 {[%emt 0:00:25]} Qc7 {[%emt 0:00:08]} 6. Be2 {[%emt 0:01:30]} a6 {[%emt 0:00:42]} 7. O-O {[%emt 0:00:20]} Nf6 {[%emt 0:04:48]} 8. Be3 {[%emt 0:00:10]} Bb4 {[%emt 0:03:25]} 9. Na4 {[%emt 0:00:45]} O-O {[%emt 0:11:48]} 10. c4 {[%emt 0:05:17]} Bd6 {[%emt 0:04:15]} 11. g3 {[%emt 0:03:34]} Nxe4 {[%emt 0:04:15]} 12. c5 {[%emt 0:02:17]} Be7 {[%emt 0:11:55]} 13. Nxc6 {[%emt 0:11:29]} bxc6 {[%emt 0:01:21]} 14. Qd4 {[%emt 0:05:27]} Nf6 {[%emt 0:06:41]} 15. Nb6 {[%emt 0:17:13]} Ra7 {[%emt 0:00:09]} 16. Bf4 {[%emt 0:05:02]} Qb7 {[%emt 0:00:51]} 17. Be5 {[%emt 0:05:07]} Ne8 {[%emt 0:02:51]} 18. Rac1 {[%emt 0:07:42]} f6 {[%emt 0:04:17]} 19. Bf4 {[%emt 0:02:39]} Nc7 {[%emt 0:01:36]} 20. Rfd1 {[%emt 0:05:29]} Nd5 {[%emt 0:02:41]} 21. Nxd5 {[%emt 0:00:11]} cxd5 {[%emt 0:02:12]} 22. Be3 {[%emt 0:02:32]} Qc6 {[%emt 0:05:56]} 23. b4 {[%emt 0:03:54]} Rc7 {[%emt 0:01:00]} 24. Qb2 {[%emt 0:03:57]} Rb7 {[%emt 0:03:17]} 25. Qb3 {[%emt 0:03:43]} Rb8 {[%emt 0:07:36]} 26. a4 {[%emt 0:04:59]} d6 {[%emt 0:01:51]} 27. b5 {[%emt 0:05:19]} dxc5 {[%emt 0:00:48]} 28. bxc6 {[%emt 0:00:25]} Rxb3 {[%emt 0:00:13]} 29. Bxc5 {[%emt 0:00:21]} Kf7 {[%emt 0:06:22]} 30. f4 {[%emt 0:02:40]} Bxc5+ {[%emt 0:03:19]} 31. Rxc5 {[%emt 0:00:03]} Ke7 {[%emt 0:00:20]} 32. Rdc1 {[%emt 0:02:03]} Rd8 {[%emt 0:04:33]} 33. a5 {[%emt 0:00:25]} d4 {[%emt 0:02:00]} 34. c7 {[%emt 0:00:54]} Rd6 {[%emt 0:01:01]} 35. Bc4 {[%emt 0:00:20]} Rc3 {[%emt 0:01:11]} 36. Rxc3 {[%emt 0:00:37]} dxc3 {[%emt 0:00:05]} 37. Bb3 {[%emt 0:00:14]} Rd3 {[%emt 0:03:11]} 38. Bc2 {[%emt 0:01:05]} Kd6 {[%emt 0:01:03]} 39. Rc4 {[%emt 0:00:39]} Rd5 {[%emt 0:00:51]} 40. Rxc3 {[%emt 0:00:00]} g6 {[%emt 0:00:00]} 41. g4 {[%emt 0:09:11]} Rxa5 {[%emt 0:02:51]} 42. Rh3 {[%emt 0:02:47]} Rc5 {[%emt 0:00:58]} 0-1

[Event "XXIX Cracovia 2018"]
[Site "Krakow"]
[Date "2018.12.27"]
[Round "1"]
[White "Den Boer, Lennard"]
[Black "Galperin, Platon"]
[Result "1/2-1/2"]
[WhiteElo "2173"]
[BlackElo "2363"]
[Annotator "NA"]
[PlyCount "90"]
[EventDate "2018.12.27"]
[EventType "swiss"]
[EventCountry "POL"]
[SourceTitle "playchess.com"]
[Source "ChessBase"]
[SourceQuality "1"]
[TimeControl "40/5400+30:1800+30"]

1. e4 {[%emt 0:00:00]} c6 {[%emt 0:00:33]} 2. Nc3 {[%emt 0:00:40]} d5 {[%emt 0:00:03]} 3. Nf3 {[%emt 0:00:13]} dxe4 {[%emt 0:00:02]} 4. Nxe4 {[%emt 0:00:08]} Nf6 {[%emt 0:00:10]} 5. Ng3 {[%emt 0:02:27]} h5 {[%emt 0:02:26]} 6. h4 {[%emt 0:01:14]} Bg4 {[%emt 0:00:16]} 7. Be2 {[%emt 0:01:26]} e6 {[%emt 0:05:05]} 8. Ne5 {[%emt 0:05:17]} Bxe2 {[%emt 0:22:35]} 9. Qxe2 {[%emt 0:00:17]} Qd5 {[%emt 0:01:01]} 10. c4 {[%emt 0:23:36]} Qd8 {[%emt 0:02:07]} 11. d3 {[%emt 0:08:20]} Bd6 {[%emt 0:08:48]} 12. d4 {[%emt 0:08:35]} Nbd7 {[%emt 0:09:36]} 13. O-O {[%emt 0:02:06]} Qc7 {[%emt 0:15:09]} 14. Re1 {[%emt 0:10:36]} c5 {[%emt 0:11:57]} 15. Nxd7 {[%emt 0:03:40]} Nxd7 {[%emt 0:00:26]} 16. d5 {[%emt 0:02:46]} Bxg3 {[%emt 0:00:32]} 17. fxg3 {[%emt 0:00:16]} e5 {[%emt 0:01:27]} 18. Qf3 {[%emt 0:03:15]} g6 {[%emt 0:00:54]} 19. Bg5 {[%emt 0:08:39]} Qd6 {[%emt 0:01:45]} 20. g4 {[%emt 0:03:29]} f6 {[%emt 0:01:13]} 21. Bd2 {[%emt 0:00:11]} hxg4 {[%emt 0:02:24]} 22. Qxg4 {[%emt 0:00:05]} f5 {[%emt 0:00:03]} 23. Qg3 {[%emt 0:00:06]} O-O-O {[%emt 0:01:07]} 24. Bg5 {[%emt 0:01:41]} Rde8 {[%emt 0:00:23]} 25. a3 {[%emt 0:00:05]} Rhf8 {[%emt 0:05:26]} 26. Rab1 {[%emt 0:04:10]} Qa6 {[%emt 0:01:22]} 27. Qc3 {[%emt 0:01:26]} f4 {[%emt 0:01:29]} 28. Re4 {[%emt 0:00:44]} Rf5 {[%emt 0:00:01]} 29. Rbe1 {[%emt 0:00:22]} Ref8 {[%emt 0:00:51]} 30. Qf3 {[%emt 0:03:01]} Qd6 {[%emt 0:00:25]} 31. Qf2 {[%emt 0:00:39]} b6 {[%emt 0:00:36]} 32. g4 {[%emt 0:02:25]} fxg3 {[%emt 0:02:30]} 33. Qxg3 {[%emt 0:00:06]} R8f7 {[%emt 0:00:56]} 34. Bh6 {[%emt 0:03:17]} Qf6 {[%emt 0:00:13]} 35. R4e2 {[%emt 0:01:23]} Rf3 {[%emt 0:02:53]} 36. Qg4 {[%emt 0:00:16]} Rf1+ {[%emt 0:00:44]} 37. Rxf1 {[%emt 0:00:10]} Qxf1+ {[%emt 0:00:02]} 38. Kh2 {[%emt 0:00:10]} Rf5 {[%emt 0:00:57]} 39. Rg2 {[%emt 0:00:30]} Kc7 {[%emt 0:00:30]} 40. Qxg6 {[%emt 0:00:00]} Rf6 {[%emt 0:00:00]} 41. Qg7 {[%emt 0:06:27]} Qxc4 {[%emt 0:07:34]} 42. Bg5 {[%emt 0:00:16]} Rf8 {[%emt 0:01:58]} 43. h5 {[%emt 0:05:40]} Qxd5 {[%emt 0:09:23]} 44. Rd2 {[%emt 0:00:26]} Rf7 {[%emt 0:01:55]} 45. Qg6 {[%emt 0:08:32]} Qf3 {[%emt 0:01:13]} 1/2-1/2

[Event "XXIX Cracovia 2018"]
[Site "Krakow"]
[Date "2018.12.27"]
[Round "1"]
[White "Toma, Katarzyna"]
[Black "Goumas, Georgios"]
[Result "1/2-1/2"]
[WhiteElo "2173"]
[BlackElo "2378"]
[Annotator "NA"]
[PlyCount "138"]
[EventDate "2018.12.27"]
[EventType "swiss"]
[EventCountry "POL"]
[SourceTitle "playchess.com"]
[Source "ChessBase"]
[SourceQuality "1"]
[TimeControl "40/5400+30:1800+30"]

1. e4 c5 2. Nc3 Nc6 3. Bb5 Nd4 4. Bc4 a6 5. Nf3 b5 6. Bd5 Rb8 7. Nxd4 cxd4 8. Ne2 Nf6 9. Bb3 Nxe4 10. Nxd4 e6 11. O-O Bb7 12. c3 Bd6 13. Nf3 Ng5 14. Ne1 Qc7 15. Qh5 Ne4 16. d4 O-O 17. f3 Nf6 18. Qh4 Nd5 19. Bd2 a5 20. Bc2 f5 21. Bd3 Qb6 22. Nc2 Ba6 23. Rfe1 b4 24. c4 b3 25. Ne3 Bf4 26. c5 Bxe3+ 27. Bxe3 Qc6 28. Bxa6 Qxa6 29. a3 f4 30. Bd2 a4 31. Qf2 Rf5 32. Rac1 Qc6 33. Qe2 Rbf8 34. Qe4 R8f6 35. Rc4 Rg6 36. Re2 Rgf6 37. Rc1 g5 38. h3 h5 39. Kf2 Rg6 40. Ree1 Kf7 41. Rh1 Rg8 42. Rhe1 g4 43. hxg4 hxg4 44. Rh1 Rg7 45. fxg4 Rfg5 46. Rh4 Qb5 47. c6 Nf6 48. Qxf4 Rxg4 49. Rxg4 Rxg4 50. Qf3 dxc6 51. Rxc6 Qh5 52. Rc7+ Kg6 53. Kg1 Rxd4 54. Qxh5+ Kxh5 55. Bc3 Rd1+ 56. Kh2 Nd5 57. Rc5 Rc1 58. Bd4 Rxc5 59. Bxc5 Kg4 60. Kg1 Nf4 61. Bb4 e5 62. Kf1 e4 63. Bd2 Nd5 64. Kf2 Nb6 65. Bc3 Nc4 66. Bd4 Kf4 67. Bc3 Kg4 68. Bd4 Kf4 69. Bc3 Kg4 1/2-1/2

[Event "XXIX Cracovia 2018"]
[Site "Krakow"]
[Date "2018.12.27"]
[Round "1"]
[White "Popiol, Michal"]
[Black "Lewicki, Miroslaw"]
[Result "1/2-1/2"]
[WhiteElo "2169"]
[BlackElo "2347"]
[Annotator "NA"]
[PlyCount "84"]
[EventDate "2018.12.27"]
[EventType "swiss"]
[EventCountry "POL"]
[SourceTitle "playchess.com"]
[Source "ChessBase"]
[SourceQuality "1"]
[TimeControl "40/5400+30:1800+30"]

1. d4 {[%emt 0:00:00]} Nf6 {[%emt 0:00:00]} 2. c4 {[%emt 0:00:00]} e6 {[%emt 0:00:00]} 3. Nf3 {[%emt 0:00:00]} b6 {[%emt 0:00:00]} 4. a3 {[%emt 0:00:00]} Bb7 {[%emt 0:00:00]} 5. Nc3 {[%emt 0:00:00]} Be7 {[%emt 0:00:00]} 6. d5 {[%emt 0:00:16]} O-O {[%emt 0:00:46]} 7. e4 {[%emt 0:00:35]} exd5 {[%emt 0:00:48]} 8. cxd5 {[%emt 0:01:10]} Re8 {[%emt 0:01:06]} 9. Bd3 {[%emt 0:01:35]} c6 {[%emt 0:02:14]} 10. O-O {[%emt 0:01:19]} cxd5 {[%emt 0:00:06]} 11. exd5 {[%emt 0:00:55]} d6 {[%emt 0:00:22]} 12. Nd4 {[%emt 0:15:35]} g6 {[%emt 0:07:30]} 13. Bb5 {[%emt 0:02:14]} Nbd7 {[%emt 0:04:54]} 14. Nc6 {[%emt 0:03:42]} Qc7 {[%emt 0:00:02]} 15. Nxe7+ {[%emt 0:01:16]} Rxe7 {[%emt 0:00:02]} 16. Bg5 {[%emt 0:05:12]} Re5 {[%emt 0:10:23]} 17. f4 {[%emt 0:02:23]} Re3 {[%emt 0:04:32]} 18. Qd4 {[%emt 0:05:38]} Qc5 {[%emt 0:02:51]} 19. Qxc5 {[%emt 0:01:29]} bxc5 {[%emt 0:01:37]} 20. f5 {[%emt 0:04:52]} Re5 {[%emt 0:00:09]} 21. Bxf6 {[%emt 0:01:56]} Nxf6 {[%emt 0:00:02]} 22. fxg6 {[%emt 0:00:06]} Kg7 {[%emt 0:01:35]} 23. gxf7 {[%emt 0:03:16]} Nxd5 {[%emt 0:06:09]} 24. Be8 {[%emt 0:12:29]} Kf8 {[%emt 0:00:14]} 25. Nxd5 {[%emt 0:02:34]} Bxd5 {[%emt 0:00:10]} 26. Rad1 {[%emt 0:00:43]} Rb8 {[%emt 0:01:52]} 27. Rd2 {[%emt 0:07:37]} Bc4 {[%emt 0:03:21]} 28. Rc1 {[%emt 0:06:24]} d5 {[%emt 0:00:52]} 29. Rc3 {[%emt 0:01:26]} Re1+ {[%emt 0:02:59]} 30. Kf2 {[%emt 0:00:06]} Rb1 {[%emt 0:01:39]} 31. b4 {[%emt 0:04:25]} Rf1+ {[%emt 0:02:41]} 32. Kg3 {[%emt 0:00:09]} cxb4 {[%emt 0:00:05]} 33. axb4 {[%emt 0:00:07]} Rxb4 {[%emt 0:00:12]} 34. Ra3 {[%emt 0:06:13]} a6 {[%emt 0:00:30]} 35. Ra5 {[%emt 0:06:44]} h5 {[%emt 0:05:12]} 36. Bc6 {[%emt 0:03:33]} h4+ {[%emt 0:06:23]} 37. Kh3 {[%emt 0:00:02]} Rf4 {[%emt 0:02:09]} 38. Bxd5 {[%emt 0:01:25]} Rb3+ {[%emt 0:00:11]} 39. g3 {[%emt 0:00:04]} Bf1+ {[%emt 0:02:40]} 40. Bg2 {[%emt 0:00:00]} Bc4 {[%emt 0:00:00]} 41. Rd8+ {[%emt 0:07:47]} Kxf7 {[%emt 0:02:37]} 42. Bd5+ {[%emt 0:00:05]} Bxd5 {[%emt 0:00:06]} 1/2-1/2

[Event "XXIX Cracovia 2018"]
[Site "Krakow"]
[Date "2018.12.27"]
[Round "1"]
[White "Marusenko, Petr"]
[Black "Eggink, Ryszard"]
[Result "0-1"]
[WhiteElo "2163"]
[BlackElo "2343"]
[Annotator "NA"]
[PlyCount "54"]
[EventDate "2018.12.27"]
[EventType "swiss"]
[EventCountry "POL"]
[SourceTitle "playchess.com"]
[Source "ChessBase"]
[SourceQuality "1"]
[TimeControl "40/5400+30:1800+30"]

1. d4 {[%emt 0:00:00]} d6 {[%emt 0:00:00]} 2. Nf3 {[%emt 0:00:00]} g6 {[%emt 0:00:25]} 3. g3 {[%emt 0:00:00]} Bg7 {[%emt 0:00:48]} 4. Bg2 {[%emt 0:00:03]} Nd7 {[%emt 0:01:23]} 5. O-O {[%emt 0:01:22]} e5 {[%emt 0:01:28]} 6. c4 {[%emt 0:01:20]} f5 {[%emt 0:01:04]} 7. Nc3 {[%emt 0:04:03]} e4 {[%emt 0:04:23]} 8. Ng5 {[%emt 0:00:41]} Ndf6 {[%emt 0:00:53]} 9. f3 {[%emt 0:00:18]} h6 {[%emt 0:01:10]} 10. Nh3 {[%emt 0:00:17]} exf3 {[%emt 0:00:09]} 11. Bxf3 {[%emt 0:08:44]} Ne7 {[%emt 0:03:25]} 12. Nf4 {[%emt 0:03:00]} O-O {[%emt 0:00:36]} 13. e4 {[%emt 0:01:05]} g5 {[%emt 0:02:36]} 14. Nfe2 {[%emt 0:16:30]} fxe4 {[%emt 0:02:45]} 15. Nxe4 {[%emt 0:00:09]} d5 {[%emt 0:07:27]} 16. Nc5 {[%emt 0:12:07]} b6 {[%emt 0:04:43]} 17. Nd3 {[%emt 0:00:21]} Bh3 {[%emt 0:00:48]} 18. Re1 {[%emt 0:04:06]} Ne4 {[%emt 0:09:43]} 19. Bh1 {[%emt 0:02:33]} c6 {[%emt 0:02:46]} 20. cxd5 {[%emt 0:05:00]} cxd5 {[%emt 0:00:05]} 21. Bd2 {[%emt 0:00:38]} Nf5 {[%emt 0:06:50]} 22. Bxe4 {[%emt 0:07:45]} dxe4 {[%emt 0:00:01]} 23. Nf2 {[%emt 0:00:09]} Nxd4 {[%emt 0:06:53]} 24. Nxd4 {[%emt 0:02:14]} Rxf2 {[%emt 0:04:56]} 25. Kxf2 {[%emt 0:03:00]} Qxd4+ {[%emt 0:00:26]} 26. Be3 {[%emt 0:00:05]} Qxb2+ {[%emt 0:00:10]} 27. Kg1 {[%emt 0:00:18]} Qg2# {[%emt 0:00:04]} 0-1

[Event "XXIX Cracovia 2018"]
[Site "Krakow"]
[Date "2018.12.27"]
[Round "1"]
[White "Praczukowski, Stanislaw"]
[Black "Szpar, Milosz"]
[Result "0-1"]
[WhiteElo "2155"]
[BlackElo "2339"]
[Annotator "NA"]
[PlyCount "62"]
[EventDate "2018.12.27"]
[EventType "swiss"]
[EventCountry "POL"]
[SourceTitle "playchess.com"]
[Source "ChessBase"]
[SourceQuality "1"]
[TimeControl "40/5400+30:1800+30"]

1. d4 {[%emt 0:00:00]} Nf6 {[%emt 0:00:00]} 2. c4 {[%emt 0:00:00]} e6 {[%emt 0:00:07]} 3. g3 {[%emt 0:00:00]} d5 {[%emt 0:00:25]} 4. Nf3 {[%emt 0:00:28]} Be7 {[%emt 0:00:34]} 5. Bg2 {[%emt 0:00:11]} O-O {[%emt 0:00:26]} 6. O-O {[%emt 0:00:07]} dxc4 {[%emt 0:00:24]} 7. Ne5 {[%emt 0:00:56]} Nc6 {[%emt 0:02:21]} 8. Bxc6 {[%emt 0:01:23]} bxc6 {[%emt 0:00:07]} 9. Nxc6 {[%emt 0:00:18]} Qe8 {[%emt 0:00:08]} 10. Nxe7+ {[%emt 0:00:13]} Qxe7 {[%emt 0:00:25]} 11. Qa4 {[%emt 0:00:48]} e5 {[%emt 0:00:56]} 12. dxe5 {[%emt 0:07:02]} Qxe5 {[%emt 0:00:16]} 13. Qxc4 {[%emt 0:01:50]} Be6 {[%emt 0:01:10]} 14. Qa6 {[%emt 0:14:34]} Ne4 {[%emt 0:14:38]} 15. Nc3 {[%emt 0:10:29]} Nxc3 {[%emt 0:07:36]} 16. bxc3 {[%emt 0:03:40]} Qxc3 {[%emt 0:03:30]} 17. Ba3 {[%emt 0:01:57]} Rfe8 {[%emt 0:08:34]} 18. Rac1 {[%emt 0:03:19]} Qe5 {[%emt 0:02:46]} 19. Rc5 {[%emt 0:04:17]} Bd5 {[%emt 0:10:18]} 20. Qd3 {[%emt 0:08:13]} c6 {[%emt 0:02:47]} 21. e3 {[%emt 0:02:45]} Rad8 {[%emt 0:05:33]} 22. Re1 {[%emt 0:13:00]} Qe6 {[%emt 0:09:44]} 23. Bb2 {[%emt 0:04:42]} f6 {[%emt 0:08:54]} 24. a4 {[%emt 0:11:12]} Qh3 {[%emt 0:05:22]} 25. Qf1 {[%emt 0:00:09]} Qf5 {[%emt 0:01:43]} 26. h4 {[%emt 0:02:20]} Qe4 {[%emt 0:04:58]} 27. Kh2 {[%emt 0:00:12]} Rb8 {[%emt 0:03:07]} 28. Bd4 {[%emt 0:00:27]} Rb4 {[%emt 0:00:37]} 29. Ra1 {[%emt 0:00:50]} Qf3 {[%emt 0:01:45]} 30. a5 {[%emt 0:03:06]} Rxd4 {[%emt 0:00:56]} 31. exd4 {[%emt 0:00:49]} Re2 {[%emt 0:00:05]} 0-1

[Event "XXIX Cracovia 2018"]
[Site "Krakow"]
[Date "2018.12.27"]
[Round "1"]
[White "Kusnetsov, Igor"]
[Black "Hasterok, Mateusz"]
[Result "1-0"]
[WhiteElo "2094"]
[BlackElo "1884"]
[Annotator "NA"]
[PlyCount "71"]
[EventDate "2018.12.27"]
[EventType "swiss"]
[EventCountry "POL"]
[SourceTitle "playchess.com"]
[Source "ChessBase"]
[SourceQuality "1"]
[TimeControl "40/5400+30:1800+30"]

1. c4 {[%emt 0:00:00]} e5 {[%emt 0:00:00]} 2. Nc3 {[%emt 0:00:00]} Nf6 {[%emt 0:00:00]} 3. e4 {[%emt 0:00:11]} Bc5 {[%emt 0:02:33]} 4. g3 {[%emt 0:01:23]} d6 {[%emt 0:01:07]} 5. h3 {[%emt 0:01:14]} Nc6 {[%emt 0:01:16]} 6. Bg2 {[%emt 0:00:24]} Be6 {[%emt 0:02:57]} 7. d3 {[%emt 0:03:17]} Nd4 {[%emt 0:06:29]} 8. Nge2 {[%emt 0:03:47]} c6 {[%emt 0:02:37]} 9. O-O {[%emt 0:08:57]} Qd7 {[%emt 0:04:57]} 10. Kh2 {[%emt 0:00:27]} h5 {[%emt 0:00:28]} 11. Nxd4 {[%emt 0:11:12]} Bxd4 {[%emt 0:00:08]} 12. Qe2 {[%emt 0:06:46]} O-O-O {[%emt 0:09:58]} 13. Be3 {[%emt 0:05:38]} Bxe3 {[%emt 0:02:39]} 14. Qxe3 {[%emt 0:02:31]} h4 {[%emt 0:01:29]} 15. g4 {[%emt 0:01:09]} Bxg4 {[%emt 0:01:01]} 16. Qxa7 {[%emt 0:01:30]} Be6 {[%emt 0:01:21]} 17. Nd5 {[%emt 0:01:04]} Bxd5 {[%emt 0:01:15]} 18. cxd5 {[%emt 0:01:30]} Qc7 {[%emt 0:01:45]} 19. Rac1 {[%emt 0:03:15]} c5 {[%emt 0:00:52]} 20. f4 {[%emt 0:04:25]} b6 {[%emt 0:07:32]} 21. Qa8+ {[%emt 0:04:15]} Qb8 {[%emt 0:04:50]} 22. Qc6+ {[%emt 0:01:38]} Qc7 {[%emt 0:00:15]} 23. Qa8+ {[%emt 0:00:07]} Qb8 {[%emt 0:00:08]} 24. Qa4 {[%emt 0:00:11]} Rd7 {[%emt 0:07:18]} 25. fxe5 {[%emt 0:01:27]} dxe5 {[%emt 0:00:29]} 26. b4 {[%emt 0:00:55]} Ra7 {[%emt 0:05:54]} 27. Qb3 {[%emt 0:02:24]} Qd6 {[%emt 0:01:37]} 28. a4 {[%emt 0:01:35]} Kd7 {[%emt 0:03:34]} 29. bxc5 {[%emt 0:04:35]} bxc5 {[%emt 0:00:08]} 30. Qb5+ {[%emt 0:00:05]} Ke7 {[%emt 0:00:07]} 31. Rxc5 {[%emt 0:01:04]} Rb8 {[%emt 0:02:04]} 32. Qc4 {[%emt 0:00:19]} Rb2 {[%emt 0:04:58]} 33. Rc6 {[%emt 0:01:15]} Qb8 {[%emt 0:03:12]} 34. d6+ {[%emt 0:01:29]} Kd8 {[%emt 0:00:50]} 35. Rc1 {[%emt 0:00:48]} Ra8 {[%emt 0:03:05]} 36. Qxf7 {[%emt 0:00:28]} 1-0

[Event "XXIX Cracovia 2018"]
[Site "Krakow"]
[Date "2018.12.27"]
[Round "1"]
[White "Adamczewski, Maciej"]
[Black "Panek, Bartosz"]
[Result "1/2-1/2"]
[WhiteElo "2080"]
[BlackElo "1871"]
[Annotator "NA"]
[PlyCount "52"]
[EventDate "2018.12.27"]
[EventType "swiss"]
[EventCountry "POL"]
[SourceTitle "playchess.com"]
[Source "ChessBase"]
[SourceQuality "1"]
[TimeControl "40/5400+30:1800+30"]

1. d4 Nf6 2. c4 g6 3. Nc3 d5 4. cxd5 Nxd5 5. e4 Nxc3 6. bxc3 Bg7 7. Nf3 c5 8. Rb1 O-O 9. Be2 Nc6 10. d5 Ne5 11. Qd2 Nxf3+ 12. Bxf3 Qa5 13. Rb3 c4 14. Rb4 b5 15. O-O Bd7 16. a4 bxa4 17. Ba3 Rab8 18. Rfb1 Rxb4 19. Rxb4 Qc7 20. Be2 Rb8 21. Qb2 Rxb4 22. Qxb4 e6 23. Bxc4 exd5 24. exd5 h6 25. d6 Qc8 26. h3 Bf6 1/2-1/2

[Event "XXIX Cracovia 2018"]
[Site "Krakow"]
[Date "2018.12.27"]
[Round "1"]
[White "Jankowiak, Tomasz"]
[Black "Kaminski, Maciej"]
[Result "1/2-1/2"]
[WhiteElo "2070"]
[BlackElo "1869"]
[Annotator "NA RC"]
[PlyCount "162"]
[EventDate "2018.12.27"]
[EventType "swiss"]
[EventCountry "POL"]
[SourceTitle "playchess.com"]
[Source "ChessBase"]
[SourceQuality "1"]
[TimeControl "40/5400+30:1800+30"]

1. e4 e5 2. Nf3 Nc6 3. Bb5 a6 4. Ba4 Nf6 5. O-O Be7 6. Re1 b5 7. Bb3 d6 8. c3 O-O 9. h3 Na5 10. Bc2 c5 11. d4 Nd7 12. Kh1 exd4 13. cxd4 Nc6 14. Nc3 Bf6 15. Be3 Bb7 16. Nd5 Bxd4 17. Nxd4 cxd4 18. Bxd4 Nxd4 19. Qxd4 Bxd5 20. Qxd5 Qf6 21. Qd2 Qxb2 22. e5 g6 23. exd6 Rac8 24. Rec1 Rc4 25. Rab1 Qxa2 26. Qd1 Rfc8 27. Bb3 Rxc1 28. Bxa2 Rxd1+ 29. Rxd1 Rc2 30. Bd5 a5 31. Re1 Rd2 32. Bc6 Rxd6 33. Bxb5 Nc5 34. Re5 Nb7 35. Re7 Rb6 36. Bc4 Nd6 37. Bd5 Ra6 38. Kg1 a4 39. Kf1 a3 40. Ba2 Kf8 41. Rc7 Ke8 42. Ke1 Rb6 43. Ra7 Nb5 44. Ra8+ Ke7 45. Kd2 f5 46. Bc4 Nd6 47. Bg8 Ne4+ 48. Ke3 Rb2 49. Rxa3 Rxf2 50. Bd5 Rxg2 51. Bxe4 Rg3+ 52. Bf3 Rxh3 53. Kf4 Kf6 54. Ra6+ Kg7 55. Ra7+ Kh6 56. Bd5 Rh4+ 57. Kg3 Kg5 58. Bg8 h6 59. Ra6 Rg4+ 60. Kf3 h5 61. Bf7 Kh6 62. Rb6 h4 63. Ra6 Kg7 64. Ra7 Kf6 65. Be8 g5 66. Ra6+ Ke7 67. Bg6 Rb4 68. Kg2 Rb2+ 69. Kh3 Rb3+ 70. Kg2 Rg3+ 71. Kf2 f4 72. Be4 Re3 73. Bf3 Rc3 74. Ra7+ Kd6 75. Ra6+ Kc7 76. Ra5 Rc2+ 77. Kg1 Rc3 78. Kf2 Rc2+ 79. Kg1 h3 80. Rxg5 Rc3 81. Be4 Rg3+ 1/2-1/2

[Event "XXIX Cracovia 2018"]
[Site "Krakow"]
[Date "2018.12.27"]
[Round "1"]
[White "Furtak, Joanna"]
[Black "Popescu, Florin"]
[Result "1/2-1/2"]
[WhiteElo "1888"]
[BlackElo "2099"]
[Annotator "NA"]
[PlyCount "63"]
[EventDate "2018.12.27"]
[EventType "swiss"]
[EventCountry "POL"]
[SourceTitle "playchess.com"]
[Source "ChessBase"]
[SourceQuality "1"]
[TimeControl "40/5400+30:1800+30"]

1. e4 {[%emt 0:00:00]} e6 {[%emt 0:00:00]} 2. d4 {[%emt 0:00:00]} d5 {[%emt 0:00:00]} 3. Nc3 {[%emt 0:00:00]} Nf6 {[%emt 0:00:00]} 4. Bg5 {[%emt 0:00:00]} Be7 {[%emt 0:00:00]} 5. e5 {[%emt 0:00:00]} Nfd7 {[%emt 0:00:18]} 6. h4 {[%emt 0:00:00]} h6 {[%emt 0:00:08]} 7. Qh5 {[%emt 0:00:38]} a6 {[%emt 0:04:15]} 8. O-O-O {[%emt 0:16:50]} c5 {[%emt 0:25:55]} 9. Nxd5 {[%emt 0:00:23]} Bxg5+ {[%emt 0:00:18]} 10. hxg5 {[%emt 0:00:30]} g6 {[%emt 0:00:30]} 11. Qg4 {[%emt 0:09:42]} exd5 {[%emt 0:08:07]} 12. e6 {[%emt 0:01:26]} Nf8 {[%emt 0:02:45]} 13. exf7+ {[%emt 0:01:57]} Kxf7 {[%emt 0:05:02]} 14. Qf4+ {[%emt 0:01:46]} Kg8 {[%emt 0:01:24]} 15. gxh6 {[%emt 0:00:30]} Ne6 {[%emt 0:00:30]} 16. Qg3 {[%emt 0:01:36]} Qg5+ {[%emt 0:00:47]} 17. Qxg5 {[%emt 0:00:04]} Nxg5 {[%emt 0:00:08]} 18. dxc5 {[%emt 0:00:14]} Be6 {[%emt 0:00:15]} 19. Bd3 {[%emt 0:02:06]} Kh7 {[%emt 0:27:28]} 20. Re1 {[%emt 0:01:38]} Re8 {[%emt 0:00:05]} 21. f4 {[%emt 0:02:54]} Ne4 {[%emt 0:00:08]} 22. Bxe4 {[%emt 0:00:30]} dxe4 {[%emt 0:00:30]} 23. Rxe4 {[%emt 0:00:30]} Nc6 {[%emt 0:00:30]} 24. Nf3 {[%emt 0:00:30]} Bd5 {[%emt 0:00:30]} 25. Ng5+ {[%emt 0:00:30]} Kh8 {[%emt 0:00:30]} 26. Rxe8+ {[%emt 0:00:30]} Rxe8 {[%emt 0:00:30]} 27. Kd2 {[%emt 0:00:30]} Bxg2 {[%emt 0:00:30]} 28. Nf7+ {[%emt 0:00:30]} Kh7 {[%emt 0:00:30]} 29. Ng5+ {[%emt 0:00:30]} Kh8 {[%emt 0:00:30]} 30. Nf7+ {[%emt 0:00:30]} Kh7 {[%emt 0:00:30]} 31. Ng5+ {[%emt 0:00:30]} Kh8 {[%emt 0:00:30]} 32. Nf7+ {[%emt 0:00:30] Bd5 [%clk 0:11:53] Ng5 [%clk 0:49:22] Bg2 [%clk 0:10:47]} 1/2-1/2

[Event "XXIX Cracovia 2018"]
[Site "Krakow"]
[Date "2018.12.27"]
[Round "1"]
[White "Koziorowicz, Michal"]
[Black "Janus, Przemyslaw"]
[Result "0-1"]
[WhiteElo "1872"]
[BlackElo "2091"]
[Annotator "NA"]
[PlyCount "60"]
[EventDate "2018.12.27"]
[EventType "swiss"]
[EventCountry "POL"]
[SourceTitle "playchess.com"]
[Source "ChessBase"]
[SourceQuality "1"]
[TimeControl "40/5400+30:1800+30"]

1. e4 {[%emt 0:00:00]} c5 {[%emt 0:00:00]} 2. Nf3 {[%emt 0:00:00]} d6 {[%emt 0:00:15]} 3. d4 {[%emt 0:00:00]} cxd4 {[%emt 0:00:05]} 4. Nxd4 {[%emt 0:00:00]} Nf6 {[%emt 0:01:01]} 5. Nc3 {[%emt 0:00:00]} g6 {[%emt 0:00:48]} 6. Be3 {[%emt 0:00:00]} Bg7 {[%emt 0:00:32]} 7. f3 {[%emt 0:00:02]} Nc6 {[%emt 0:00:56]} 8. Qd2 {[%emt 0:00:08]} O-O {[%emt 0:00:40]} 9. Bc4 {[%emt 0:00:03]} Nd7 {[%emt 0:02:16]} 10. O-O-O {[%emt 0:12:27]} Nb6 {[%emt 0:01:33]} 11. Bb3 {[%emt 0:00:22]} Na5 {[%emt 0:00:30]} 12. Qe2 {[%emt 0:01:05]} Bd7 {[%emt 0:02:07]} 13. h4 {[%emt 0:03:23]} Rc8 {[%emt 0:04:42]} 14. h5 {[%emt 0:03:51]} Nbc4 {[%emt 0:06:12]} 15. hxg6 {[%emt 0:01:39]} fxg6 {[%emt 0:10:39]} 16. Bh6 {[%emt 0:01:08]} Bxh6+ {[%emt 0:06:53]} 17. Rxh6 {[%emt 0:00:05]} e5 {[%emt 0:00:12]} 18. Rdh1 {[%emt 0:06:38]} exd4 {[%emt 0:01:35]} 19. Rxh7 {[%emt 0:05:26]} Qg5+ {[%emt 0:09:42]} 20. Kb1 {[%emt 0:01:09]} dxc3 {[%emt 0:00:55]} 21. f4 {[%emt 0:06:15]} Rxf4 {[%emt 0:09:39]} 22. Rh8+ {[%emt 0:19:22]} Kg7 {[%emt 0:00:41]} 23. R8h7+ {[%emt 0:01:49]} Kf6 {[%emt 0:00:55]} 24. Rxd7 {[%emt 0:01:54]} Nxb3 {[%emt 0:01:04]} 25. cxb3 {[%emt 0:04:02]} Nd2+ {[%emt 0:01:32]} 26. Kc2 {[%emt 0:01:43]} cxb2+ {[%emt 0:01:38]} 27. Kxb2 {[%emt 0:00:40]} Qe5+ {[%emt 0:00:50]} 28. Ka3 {[%emt 0:00:10]} Qc5+ {[%emt 0:00:50]} 29. Kb2 {[%emt 0:00:12]} Qc2+ {[%emt 0:00:11]} 30. Ka3 {[%emt 0:00:11]} Nc4+ {[%emt 0:00:13]} 0-1